Detalles MARC
| 000 -CABECERA |
| campo de control de longitud fija |
02037nam a2200253 i 4500 |
| 003 - IDENTIFICADOR DEL NÚMERO DE CONTROL |
| campo de control |
DO-SdBNP |
| 005 - FECHA Y HORA DE LA ÚLTIMA TRANSACCIÓN |
| campo de control |
20250909091243.0 |
| 007 - CAMPO FIJO DE DESCRIPCIÓN FÍSICA--INFORMACIÓN GENERAL |
| campo de control de longitud fija |
ta |
| 008 - DATOS DE LONGITUD FIJA--INFORMACIÓN GENERAL |
| campo de control de longitud fija |
250502b2000 dr a|||| |||| 00| 0 spa d |
| 040 ## - FUENTE DE LA CATALOGACIÓN |
| Centro catalogador/agencia de origen |
DO-SdBNP |
| Lengua de catalogación |
spa |
| Centro/agencia transcriptor |
BNPHU |
| Normas de descripción |
rda |
| 041 ## - CÓDIGO DE LENGUA |
| Código de lengua del texto/banda sonora o título independiente |
spa |
| 082 #4 - NÚMERO DE LA CLASIFICACIÓN DECIMAL DEWEY |
| Número de edición |
22 |
| Número de clasificación |
xxx |
| Número de documento/Ítem |
xxx |
| 110 2# - ENTRADA PRINCIPAL--NOMBRE DE ENTIDAD CORPORATIVA |
| Nombre de entidad corporativa o nombre de jurisdicción como elemento de entrada |
Agencia Española de Cooperación Internacional |
| 9 (RLIN) |
34585 |
| 245 10 - MENCIÓN DE TÍTULO |
| Título |
Hoja de ruta para hacer de República Dominicana un país libre de trabajo infantil y sus peores formas |
| 264 ## - PRODUCCIÓN, PUBLICACIÓN, DISTRIBUCIÓN, FABRICACIÓN Y COPYRIGHT |
| Producción, publicación, distribución, fabricación y copyright |
[Lugar de publicación no identificado] : |
| Nombre del de productor, editor, distribuidor, fabricante |
Comité Directivo Nacional de Lucha Contra el Trabajo Infantil, |
| -- |
ILO International Programme on the Elimination of Child Labour, |
| Fecha de producción, publicación, distribución, fabricación o copyright |
[fecha de publicación no identificada] |
| 300 ## - DESCRIPCIÓN FÍSICA |
| Extensión |
120 paginas : |
| Otras características físicas |
ilustraciones ; |
| Dimensiones |
24cm. |
| 336 ## - TIPO DE CONTENIDO |
| Término de tipo de contenido |
texto |
| Código de tipo de contenido |
txt |
| Fuente |
rdacontent |
| 337 ## - TIPO DE MEDIO |
| Nombre/término del tipo de medio |
sin mediación |
| Código del tipo de medio |
n |
| Fuente |
rdamedia |
| 338 ## - TIPO DE SOPORTE |
| Nombre/término del tipo de soporte |
volumen |
| Código del tipo de soporte |
nc |
| Fuente |
rdacarrier |
| 500 ## - NOTA GENERAL |
| Nota general |
Proyecto "Fomento de una cultura de cumplimiento en materia laboral" No. ATN/SF-10219-RG. Componente "Desarrollo de una Hoja de Ruta para hacer de Centroamérica, Panamá y República Dominicana una Zona Libre de Trabajo Infantil. Etapa 1 |
| 505 ## - NOTA DE CONTENIDO CON FORMATO |
| Nota de contenido con formato |
Siglas -- |
| Título |
Resumen ejecutivo -- |
| -- |
Capítulo 1. Introducción -- |
| -- |
Capítulo 2. Dimensión de impacto: lucha contra la promesa y trabajo infantil -- |
| -- |
Capítulo 3. Dimensión de impacto: Política de salud y trabajo infantil -- |
| -- |
Capítulo 4. Dimensión de impacto: Política educativa y el trabajo infantil -- |
| -- |
Capítulo 5. Dimensión de impacto: Marco normativo e institucional protección de derechos -- |
| -- |
Marco institucional: Fortalecimiento de la capacidad de los actores con responsabilidad directa -- |
| -- |
Capítulo 6. Dimensión de impacto: Sensibilización y movilización social -- |
| -- |
Capítulo 7. Dimensión de impacto: Generación de conocimiento y mecanismos de seguimiento a las políticas con incidencia en la lucha contra el trabajo infantil y sus peores formas -- |
| -- |
Capítulo 8. Mecanismo de seguimiento, monitoreo y evolución para la hija de ruta. |
| 910 ## - DATOS DE OPCIÓN DEL USUARIO (OCLC) |
| Datos de opción del usuario |
LP |
| 942 ## - ELEMENTOS DE PUNTO DE ACCESO ADICIONAL (KOHA) |
| Fuente del sistema de clasificación o colocación |
Dewey Decimal Classification |
| Tipo de ítem Koha |
Libro |